Music Quiz

Random Music or Kpop Quiz

Match kpop group members Quiz Stats

 Plays Quiz not verified by Sporcle

Challenge
Share
Tweet
Score 0/40 Timer 20:00
2 Plays Today
% Correct
J-hope
97.8%
Chen
96.5%
Bam Bam
96.2%
Rose
94.5%
Daesung
92.7%
Onew
92.6%
Krystal
91.8%
Irene
89.2%
Momo
89.1%
Hoshi
85.1%
Hyoyeon
83.6%
Zico
82.8%
Ken
81%
Rocky
80.2%
Nichkhun
79.3%
Kihyun
78.8%
Wheein
78.6%
Soyou
78.6%
Solji
77.7%
Yesung
77.7%
% Correct
Min
76.6%
Hoya
76.2%
Jongup
75.6%
Sowon
75.5%
Ilhoon
74.4%
Ren
74.1%
Jinhwan
73.4%
CNU
73%
Seolhyun
72.7%
Chorong
72.5%
Wonpil
72.2%
Seunghoon
72.1%
L.Joe
70.5%
Kevin
68.3%
Sorn
68.2%
Babysoul
67.4%
Miryo
66.8%
Bit-to
66.2%
Luda
65.5%
Mimi
64.9%

You're not logged in!

Compare scores with friends on all Sporcle quizzes.
Join for Free
OR
Log In

You Might Also Like...

Show Comments

Extras

Top Quizzes Today


Score Distribution

Your Account Isn't Verified!

In order to create a playlist on Sporcle, you need to verify the email address you used during registration. Go to your Sporcle Settings to finish the process.

Report this User

Report this user for behavior that violates our Community Guidelines.

Details: